000 00844cam a2200205 4500
001 WB3613-17
008 000000n2000 000 0 eng u
035 _a(Sirsi) u105048
245 _aDelivery important
260 _c2000
490 _aIndependent
_v27 March 2000, 17(1)
520 _aA survey by Verdict, the retail consultants, shows that most online retailers need to invest more in delivery systems rather than concentrating on developing websites. The consumers surveyed were particularly dissatisfied with delivery time slots which they found to be limited and inflexible.
590 _aWB
650 _aONLINE RETAILERS
650 _aPROPERTY-COMMERCIAL PROPERTY-RETAIL PROPERTY-RETAIL PROPERTY MARKET
650 _aHOME SHOPPING
650 _aINTERNET SERVICES
690 _aINFORMATION TECHNOLOGY-INTERNET
942 _n0
999 _c62996
_d62996